Statistics for Stray Kids: Felix

Click here to take the quiz!

General Stats

  • This quiz has been taken 290 times
  • The average score is 10 of 15

Answer Stats

QuestionsAnswer% Correct
What is Felix' Korean name?Yongbok
93%
How many siblings does Felix have?2
92%
What animal is Felix' Skzoo?Chick
87%
What Racha is Felix is apart of?DanceRacha
83%
What city was Felix born in?Sydney
77%
What noticable feature does Felix have?Freckles
75%
What is the name of Felix' solo song? (skz Replay)Deep End
69%
What episode is Felix eliminated in the survival show (stray kids)Episode 8
66%
What is Felix' fvaourite side dishBangChan
64%
What is the name of Felix' Skzoo?Bbokari
64%
What insect sound can Felix imitate?Mosquito
56%
How long did Felix train for?1 Year
54%
When is Felix' Birthday? (M/D/Y)September 15th 2000
49%
What degree of a black belt does he have?3rd degree
24%
What is Felix' hobby?Gaming
19%

Score Distribution

Percentile by Number Answered

Percent of People with Each Score

Your Score History

You have not taken this quiz